Astronomer priest and ancient mariner (Record no. 4547)

MARC details
000 -LEADER
fixed length control field 00558nam a2200193Ia 4500
003 - CONTROL NUMBER IDENTIFIER
control field IN-BaIIA
008 - FIXED-LENGTH DATA ELEMENTS--GENERAL INFORMATION
fixed length control field 211028s9999 xx 000 0 eng d
020 ## - INTERNATIONAL STANDARD BOOK NUMBER
International Standard Book Number 434-94306-1
040 ## - CATALOGING SOURCE
Transcribing agency IIA Library
080 ## - UNIVERSAL DECIMAL CLASSIFICATION NUMBER
Universal Decimal Classification number 52(091)
Item number HOG
100 ## - MAIN ENTRY--PERSONAL NAME
Personal name Hogben, Lancelot
9 (RLIN) 7988
245 #0 - TITLE STATEMENT
Title Astronomer priest and ancient mariner
Statement of responsibility, etc. Lancelot Hogben
260 ## - PUBLICATION, DISTRIBUTION, ETC.
Place of publication, distribution, etc. London
Name of publisher, distributor, etc. William Heinemann
Date of publication, distribution, etc. 1972
300 ## - PHYSICAL DESCRIPTION
Extent 110p.
490 ## - SERIES STATEMENT
Series statement The beginnings of science
650 ## - SUBJECT ADDED ENTRY--TOPICAL TERM
Topical term or geographic name entry element  Astronomy - History
9 (RLIN) 7989
650 ## - SUBJECT ADDED ENTRY--TOPICAL TERM
Topical term or geographic name entry element Astronomy and astrophysics thesaurus 
9 (RLIN) 1143
942 ## - ADDED ENTRY ELEMENTS (KOHA)
Koha item type Books
Holdings
Withdrawn status Lost status Damaged status Not for loan Home library Current library Shelving location Date acquired Total Checkouts Full call number Barcode Date last seen Price effective from Koha item type
        IIA Library-Bangalore IIA Library-Bangalore General Stacks 09/10/1974   52(091)/ HOG 5074 05/11/2021 09/10/1974 Books

Powered by Koha